[Event "Mediterranean op 9th"]
[Site "Rijeka"]
[Date "2017.02.17"]
[Round "8"]
[White "Jurotic, Nino"]
[Black "Duda, Dejan"]
[Result "1-0"]
[WhiteElo "1614"]
[BlackElo "1637"]
[PlyCount "109"]
[EventDate "2017.02.11"]
[EventType "swiss"]
[EventRounds "9"]
[EventCountry "CRO"]
[SourceTitle "CBM 177 Extra"]
[Source "ChessBase"]
[SourceDate "2017.04.27"]
[SourceVersion "1"]
[SourceVersionDate "2017.04.27"]
[SourceQuality "1"]

1. d4 d5 2. c4 e6 3. Nc3 Nf6 4. cxd5 exd5 5. Bg5 Be7 6. e3 Bf5 7. Qb3 b6 8. Bxf6 Bxf6 9. Qxd5 Qxd5 10. Nxd5 Bd8 11. Rc1 c6 12. Nb4 Bd7 13. Nf3 a5 14. Nd3 f6 15. Nf4 b5 16. d5 cxd5 17. Nd4 Na6 18. Bxb5 Bxb5 19. Nxb5 Rb8 20. a4 Be7 21. Nxd5 Bb4+ 22. Nxb4 Nxb4 23. Ke2 Kf7 24. Rhd1 Rhd8 25. Rc7+ Kg6 26. Rxd8 Rxd8 27. Nd4 Rb8 28. Ra7 Nd5 29. Nb5 Rc8 30. Kd1 Rd8 31. Nd4 Nf4 32. Rxa5 Nd3 33. Rb5 Nxf2+ 34. Ke2 Ne4 35. a5 Ra8 36. Rd5 Rb8 37. Rb5 Ra8 38. Nc6 Nd6 39. Rd5 Nc4 40. b4 Kf7 41. Rd8 Rxd8 42. Nxd8+ Ke7 43. Nb7 Kd7 44. Kd3 Ne5+ 45. Kd4 Kc6 46. Nd8+ Kb5 47. Kd5 Nd3 48. Nc6 g6 49. Kd6 f5 50. Kc7 Ka6 51. Nb8+ Ka7 52. b5 Nb4 53. b6+ Ka8 54. b7+ Ka7 55. Nc6+ 1-0

[Event "Mediterranean op 9th"]
[Site "Rijeka"]
[Date "2017.02.14"]
[Round "5"]
[White "Duda, Dejan"]
[Black "Dasic, Jelena"]
[Result "0-1"]
[WhiteElo "1637"]
[BlackElo "1740"]
[PlyCount "54"]
[EventDate "2017.02.11"]
[EventType "swiss"]
[EventRounds "9"]
[EventCountry "CRO"]
[SourceTitle "CBM 177 Extra"]
[Source "ChessBase"]
[SourceDate "2017.04.27"]
[SourceVersion "1"]
[SourceVersionDate "2017.04.27"]
[SourceQuality "1"]

1. e4 c5 2. Nf3 e6 3. c3 d5 4. Bb5+ Nc6 5. Qa4 Bd7 6. exd5 exd5 7. 0-0 Bd6 8. Re1+ Nge7 9. d4 0-0 10. Qc2 cxd4 11. Bxc6 Nxc6 12. cxd4 Rc8 13. Nc3 Nb4 14. Qb3 Bf5 15. Re2 Bd3 16. Rd2 Bc4 17. Qd1 b6 18. a3 Nc6 19. Ne5 Re8 20. b3 Nxe5 21. bxc4 Nxc4 22. Re2 Rxe2 23. Qxe2 Qh4 24. g3 Qxd4 25. Nb5 Qxa1 26. Nxa7 Qxc1+ 27. Kg2 Rf8 0-1